| Tag |
First Indicator |
Second Indicator |
Subfields |
| LEADER |
00000pam a2200000 i 4500 |
| 001 |
in00000307494 |
| 005 |
20151010151244.0 |
| 008 |
771019s1978 enk b 00110 eng |
| 010 |
|
|
|a 77016556
|
| 020 |
|
|
|a 039100817X
|
| 035 |
|
|
|a (OCoLC)03415184
|
| 035 |
|
|
|9 ABH9378AM
|
| 040 |
|
|
|a DLC
|c DLC
|d TXA
|d UtOrBLW
|
| 043 |
|
|
|a e------
|
| 049 |
|
|
|a TXAM
|c [1540917]
|
| 050 |
0 |
0 |
|a PN3499
|b .H4 1978
|
| 082 |
0 |
|
|a 809.3/83
|
| 100 |
1 |
|
|a Hemmings, F. W. J.
|q (Frederick William John),
|d 1920-
|
| 245 |
1 |
4 |
|a The age of realism /
|c G. M. Carsaniga [and others] ; F. W. J. Hemmings, editor.
|
| 264 |
|
1 |
|a Hassocks [England] :
|b Harvester Press ;
|a Atlantic Highlands, N.J. :
|b Humanities Press,
|c 1978.
|
| 300 |
|
|
|a 414 pages ;
|c 22 cm.
|
| 336 |
|
|
|a text
|b txt
|2 rdacontent
|
| 337 |
|
|
|a unmediated
|b n
|2 rdamedia
|
| 338 |
|
|
|a volume
|b nc
|2 rdacarrier
|
| 490 |
1 |
|
|a Pelican guides to European literature
|
| 504 |
|
|
|a Includes bibliographical references and index.
|
| 650 |
|
0 |
|a European fiction
|y 19th century
|x History and criticism.
|
| 650 |
|
0 |
|a Realism in literature.
|
| 700 |
1 |
|
|a Carsaniga, Giovanni,
|d 1934-
|
| 830 |
|
0 |
|a Pelican guides to European literature.
|
| 999 |
|
|
|a MARS
|
| 999 |
f |
f |
|s 788dfeaa-45e7-3c33-a14b-81cea8ee20a9
|i 1ebcd934-a718-3514-a989-754cb20915b4
|t 0
|
| 952 |
f |
f |
|p ric
|a Texas A&M University
|b Rellis Campus
|c Joint Library Facility
|d Remote Storage
|t 0
|e PN3499 .H4 1978
|h Library of Congress classification
|i unmediated -- volume
|m A14803717166
|
| 998 |
f |
f |
|a PN3499 .H4 1978
|t 0
|l Remote Storage
|